[Event "Val d'Or op"]
[Site "Val d'Or"]
[Date "2000.05.21"]
[Round "3"]
[White "Langlais, Daniel"]
[Black "Tourangeau, Yvon"]
[Result "1-0"]
[WhiteElo "1528"]
[BlackElo "1365"]
[PlyCount "85"]
[EventDate "2000.05.??"]
[EventType "swiss"]
[EventRounds "4"]
[EventCountry "CAN"]
[SourceTitle "EXT 2005"]
[Source "ChessBase"]
[SourceDate "2004.11.15"]
[SourceVersion "1"]
[SourceVersionDate "2004.11.15"]
[SourceQuality "1"]

1. c4 e6 2. d4 d6 3. e4 Ne7 4. Bd3 g6 5. Na3 Bg7 6. Ne2 c6 7. 0-0 0-0 8. f4 f5 9. e5 dxe5 10. fxe5 Na6 11. Nc2 Nc7 12. b3 a6 13. Ba3 Rf7 14. Bd6 Bd7 15. Qd2 b6 16. Rf2 b5 17. Qa5 Ne8 18. Qd2 Bc8 19. c5 Nd5 20. Nb4 Nxb4 21. Qxb4 Bh6 22. Rf3 g5 23. g4 Raa7 24. Raf1 Ng7 25. h3 Bd7 26. Qe1 Qc8 27. Qb1 Rb7 28. Ng3 f4 29. Bxh7+ Kh8 30. Qg6 Nf5 31. Qxf7 Nxg3 32. Rxg3 Qe8 33. Qxe8+ Bxe8 34. Be4 fxg3 35. Rf6 Bg7 36. Rxe6 Bf7 37. Bxc6 Bxe6 38. Bxb7 a5 39. d5 Bf7 40. Kg2 Bg6 41. e6 b4 42. Bc6 Bb1 43. e7 1-0